000 00616cam a2200157 4500500
005 20260329021355.0
041 _afre
042 _adc
100 1 0 _aLejeune, Éline
_eauthor
700 1 0 _aDemeuse, Marc
_eauthor
245 0 0 _aTricherie et jugement moral chez les élèves belges francophones du début de l’enseignement secondaire à travers l’utilisation de planches de bande dessinée
260 _c2025.
500 _a25
786 0 _nPhronesis | Hors sérieVolume 14 | HS1 | 2025-06-06 | p. 221-237
856 4 1 _uhttps://shs.cairn.info/revue-phronesis-2025-5-page-221?lang=fr&redirect-ssocas=7080
999 _c1912057
_d1912057